000 00267nam a2200097Ia 4500
001 1225824
005 20250827092952.0
008 250824s9999 xx 000 0 und d
245 0 _aGÜL VE PORSUKAĞACI
_cAGATHA CHRISTIE
260 _bALTIN KİTAPLAR YAYINLARI
999 _c1225824
_d1225824